000 00455pam a2200157 a 4500
020 _a0813317681 (acidfree paper)
040 _cDLC
082 0 0 _a331 WES 1994 A064 Or.
100 1 _aMartin, Philip L.,
245 1 4 _aThe endless quest :
_bhelping America's farm workers /
260 _aBoulder :
_bWestview Press,
_c1994.
300 _ax, 258 p. :
_bill. ;
_c23 cm.
650 0 _aMigrant agricultural laborers
700 1 _aMartin, David A.,
942 _cEK
999 _c13957
_d13957